000
00323nam a2200133Ia 4500
005
20260328104321.0
008
260328s9999||||xx |||||||||||||| ||und||
100
_a
CassarĂ¡, Silvio
245
0
_a
Richard Meir /
_c
Silvio CassarĂ¡
260
_b
Gustavo Gili
300
_a
223 p.
650
_a
MEIR,RICHARD-1934
942
_c
BK
999
_c
11370
_d
11370